| 000 | 008550am a2200289 004500 | ||
|---|---|---|---|
| 003 | EG-GiCUC | ||
| 008 | 720202s1969 fr 000 0 fre | ||
| 010 | _a 79413814 | ||
| 040 |
_aDLC _cDLC _dOTMC _dTNJ _dOCoLC _dDLC |
||
| 042 | _apremarc | ||
| 050 | 0 | 0 |
_aPC2460 _b.R45 |
| 092 | 0 | 4 |
_a448.03 _bC993 1969 _221 |
| 099 |
_a04 _a448.03 C993 1969 |
||
| 100 | 1 |
_aCuyas, Arturo, _d1845- |
|
| 245 | 1 | 0 | _aDictionnaire des mots sauvages (ecrivains des XIXe et XXe siecles) |
| 260 |
_aParis, _bLarousse, _c1969. |
||
| 300 |
_a605 p. _c20 cm. |
||
| 490 | 0 | _aDictionnaires Larousse du langage | |
| 504 | _aBibliography: p. 579-601. | ||
| 650 | 0 |
_aFrench language _xDictionaries |
|
| 650 | 0 |
_aFrench language _xNew words. |
|
| 650 | 0 |
_aFrench language _xWords _xHistory |
|
| 902 | _a1 | ||
| 905 |
_aEman _eRev |
||
| 905 |
_aJamal _eCat |
||
| 942 |
_2ddc _cREF |
||
| 999 |
_c105055 _d105055 |
||